000
00297nam a2200121Ia 4500
008
180117s9999 xx 000 0 und d
100
_a
by Sara Grace C Fojas
245
_a
Art for All
260
_c
2017
300
_a
22-25 pages, 2017 October 1
440
_a
Philippine Panorama
650
_a
ART
999
_c
353312
_d
353312